| 000 | 00715nam0a22002411 4500 | ||
|---|---|---|---|
| 001 | rc\3006763 | ||
| 005 | 20110921212652.9 | ||
| 035 | _a(NLR Aleph) 007149547 | ||
| 090 |
_a7137322 _c7137322 |
||
| 100 | _a20110921d1936 |||y0rusy50 ca | ||
| 101 | 1 | _arus | |
| 102 | _aRU | ||
| 105 | _ay z ||||| | ||
| 200 | 1 | _aБурение | |
| 210 |
_a[Ленинград] _cБ. и. _d[1936] |
||
| 215 | _aС. 20-22 | ||
| 300 | _aВ кн.: Питч. К оценке методов сухого бурения и бурения с промывкой. Л., 1936, с. 20-22 | ||
| 700 | 1 |
_aСимарк _bМ. С. |
|
| 801 | 0 |
_aRU _bNLR _gpsbo |
|
| 801 | 1 |
_aRU _bELAR _2rusmarc |
|
| 852 |
_aNLR _j36-20/114 |
||
| 942 | _cBOOK | ||
| 980 | _aNB | ||